000 01834cam a2200349 4500500
005 20260208004954.0
041 _afre
042 _adc
100 1 0 _aBrossard, Olivier
_eauthor
245 0 0 _aFrank O’Hara’s Poetry, a “Whitman’s Birthday Broadcast with Static”
260 _c2006.
500 _a81
520 _aRésuméCet article évalue le lien de filiation poétique entre Walt Whitman et Frank O’Hara (1926-1966) sous l’angle du lyrisme. À travers une étude du long poème « In Memory of My Feelings » (1956), la dette à l’égard de Whitman est à la fois soulignée et nuancée. Le sujet lyrique tel que Whitman le conçoit au xixe siècle n’est plus possible après la Seconde Guerre mondiale : grâce à plusieurs références cinématographiques, Frank O’Hara souligne que le rapport du sujet lyrique à l’histoire et à la nation a considérablement évolué. Le « je » d’O’Hara ne contient pas de multitudes, mais s’affirme et se nie dans la chorégraphie de ses avatars. Son lyrisme n’aboutit à aucune unité ontologique, il se déploie dans un mouvement qui n’a d’autre destination que son propre épuisement.
690 _aB. Berkeley
690 _acinéma
690 _aF. O'Hara
690 _ahistoire
690 _alyrisme
690 _apoésie américaine
690 _apolitique
690 _aW. Whitman
690 _aAmerican poetry
690 _aB. Berkeley
690 _acinema
690 _aF. O'Hara
690 _ahistory
690 _alyricism
690 _apolitics
690 _aW. Whitman
786 0 _nRevue française d’études américaines | 108 | 2 | 2006-09-01 | p. 63-79 | 0397-7870
856 4 1 _uhttps://shs.cairn.info/journal-revue-francaise-d-etudes-americaines-2006-2-page-63?lang=en&redirect-ssocas=7080
999 _c1649995
_d1649995